| 000 | 00535nam a2200169Ia 4500 | ||
|---|---|---|---|
| 003 | GCL | ||
| 008 | 140319s9999 xx 000 0 ara d | ||
| 040 |
_aGCL / _cGCL |
||
| 082 | 0 | 4 |
_a133.54 _bم ى |
| 100 | 1 | _aمجموعة من الفلكين المتخصصين | |
| 245 | 1 | 0 |
_aبرج الجدى / _cمجموعة من الفلكين المتخصصين |
| 260 |
_a[S.N] : _bدار الراتب الجامعية ، _c1994 |
||
| 300 | _a159 | ||
| 490 |
_aيوميات الابراج _v0 |
||
| 650 | 0 | 4 | _aالتنجيم |
| 942 |
_2ddc _cBK |
||
| 999 |
_c53107 _d53107 |
||